| 000 | 00358nam a2200157Ia 4500 | ||
|---|---|---|---|
| 100 | _aZbar/ P.B. | ||
| 650 | _aElectrical Engineering | ||
| 942 | _cBK | ||
| 654 | _aIndustrial Electronics | ||
| 245 | _aIndustrial electronics | ||
| 260 |
_bTata McGraw Hill _aNEW DELHI _c1986 |
||
| 082 |
_a621.3 _bZba |
||
| 300 | _a278 | ||
| 546 | _aENGLISH | ||
| 999 |
_c34450 _d34450 |
||